00358nam a22000857a 4500008004100000082001300041245015900054260005000213300000900263230606b xxu||||| |||| 00| 0 eng d a342bKIG aKenya Institute Of Governance bImplementing The New Constitution A reflection On Key BillscThe Kenyan Section Of The International Commission Of Jurists aUnited StatesbUnited States Governmentc2010 a34 p